[Event "POL-chT 3rd League Wielkopolska 12/13"]
[Site "Poznan"]
[Date "2013.02.24"]
[Round "9.4"]
[White "Snihur, Adam"]
[Black "Cenkier, Robert"]
[Result "1/2-1/2"]
[WhiteElo "1634"]
[BlackElo "1961"]
[PlyCount "136"]
[EventDate "2012.11.25"]
[EventType "team-tourn"]
[EventRounds "11"]
[EventCountry "POL"]
[SourceTitle "EXT 2014"]
[Source "ChessBase"]
[SourceDate "2013.11.20"]
[SourceVersion "1"]
[SourceVersionDate "2013.11.20"]
[SourceQuality "1"]
[WhiteTeam "Konin UKS Smecz"]
[BlackTeam "Jarocin JKSW"]
[WhiteTeamCountry "POL"]
[BlackTeamCountry "POL"]

1. e4 c5 2. Nf3 d6 3. d4 cxd4 4. Nxd4 Nf6 5. Nc3 a6 6. Bg5 e6 7. f4 Qb6 8. Nb3 Nc6 9. Qf3 Be7 10. 0-0-0 Bd7 11. Bxf6 gxf6 12. Kb1 h5 13. Bd3 0-0-0 14. Rhe1 Rdg8 15. Bf1 h4 16. Qe3 Qxe3 17. Rxe3 Rg4 18. h3 Rxf4 19. Nc1 Ne5 20. N1e2 Rf2 21. Re1 Rg8 22. Nd1 Rfxg2 23. Bxg2 Rxg2 24. Nf4 Rg5 25. Nf2 Bc6 26. b3 f5 27. N4d3 Ng6 28. Nb4 Bd7 29. exf5 Rxf5 30. Ng4 Bg5 31. Re4 Rf3 32. Rc4+ Kb8 33. Rd4 d5 34. Rd3 Rf4 35. a3 a5 36. Na2 f5 37. Nh2 Rf2 38. Rg1 Nf4 39. Rf3 Rxf3 40. Nxf3 Bf6 41. Ng5 Kc7 42. Nc1 Kd6 43. Nf7+ Ke7 44. Ng5 Bb5 45. a4 Be8 46. Nd3 Ne2 47. Rg2 Nc3+ 48. Kc1 Bc6 49. Nf3 d4 50. Rf2 Ne4 51. Rf1 Ng3 52. Rf2 Kd6 53. Nf4 e5 54. Ng6 e4 55. Nfxh4 Bg5+ 56. Kd1 Ke6 57. Nf4+ Kf6 58. Nh5+ Ke6 59. Nxg3 Bxh4 60. Rg2 e3 61. Rg1 Bf3+ 62. Ne2 Ke5 63. Rg8 f4 64. Re8+ Kf5 65. Rf8+ Ke5 66. Re8+ Kd6 67. Rf8 Ke5 68. Re8+ Kf5 1/2-1/2

[Event "POL-chT 3rd League Wielkopolska 12/13"]
[Site "Poznan"]
[Date "2013.01.06"]
[Round "5.11"]
[White "Cenkier, Robert"]
[Black "Plonczak, Mateusz"]
[Result "1-0"]
[WhiteElo "1961"]
[BlackElo "1962"]
[PlyCount "57"]
[EventDate "2012.11.25"]
[EventType "team-tourn"]
[EventRounds "11"]
[EventCountry "POL"]
[SourceTitle "EXT 2014"]
[Source "ChessBase"]
[SourceDate "2013.11.20"]
[SourceVersion "1"]
[SourceVersionDate "2013.11.20"]
[SourceQuality "1"]
[WhiteTeam "Jarocin JKSW"]
[BlackTeam "Kornik MUKS Wieza Kornicka"]
[WhiteTeamCountry "POL"]
[BlackTeamCountry "POL"]

1. d4 Nf6 2. Nf3 e6 3. c4 Bb4+ 4. Bd2 Bxd2+ 5. Qxd2 b6 6. Nc3 Bb7 7. g3 0-0 8. Bg2 d6 9. 0-0 Ne4 10. Nxe4 Bxe4 11. Qf4 Bb7 12. e4 Nd7 13. e5 dxe5 14. dxe5 Qe7 15. Nd4 Bxg2 16. Kxg2 Qc5 17. Nf3 Qc6 18. Kg1 Nc5 19. Nd4 Qb7 20. Rad1 a5 21. b3 Rad8 22. Qg4 Rd7 23. Nxe6 fxe6 24. Rxd7 Nxd7 25. Qxe6+ Rf7 26. Qe8+ Nf8 27. e6 Rf6 28. e7 Rf7 29. Qd8 1-0

[Event "POL-chT 3rd League Wielkopolska 12/13"]
[Site "Poznan"]
[Date "2012.12.02"]
[Round "2.16"]
[White "Zielinski, Tadeusz"]
[Black "Cenkier, Robert"]
[Result "0-1"]
[WhiteElo "1712"]
[BlackElo "1961"]
[PlyCount "98"]
[EventDate "2012.11.25"]
[EventType "team-tourn"]
[EventRounds "11"]
[EventCountry "POL"]
[SourceTitle "EXT 2014"]
[Source "ChessBase"]
[SourceDate "2013.11.20"]
[SourceVersion "1"]
[SourceVersionDate "2013.11.20"]
[SourceQuality "1"]
[WhiteTeam "Poznan Lech"]
[BlackTeam "Jarocin JKSW"]
[WhiteTeamCountry "POL"]
[BlackTeamCountry "POL"]

1. e4 c5 2. Bc4 Nc6 3. Nc3 e6 4. Nf3 Nf6 5. d3 d6 6. a4 Be7 7. 0-0 0-0 8. h3 Nd7 9. Bb3 Bf6 10. Ne2 Nde5 11. Nxe5 dxe5 12. Be3 b6 13. Rb1 Ba6 14. f4 exf4 15. Bxf4 Nd4 16. Nxd4 Qxd4+ 17. Kh1 Be5 18. Qf3 Bxf4 19. Qxf4 Rad8 20. Qf2 c4 21. Qxd4 Rxd4 22. dxc4 Bxc4 23. Rfe1 Bxb3 24. cxb3 Rd3 25. b4 Rd4 26. a5 Rxb4 27. axb6 axb6 28. Re2 Rd8 29. Kg1 Kf8 30. Kf2 Rdd4 31. Rbe1 e5 32. Kf3 Rd3+ 33. Kf2 Ke7 34. Rc2 Rdd4 35. Rce2 Kd6 36. Kf3 Rd3+ 37. Kf2 b5 38. Rc1 Rdd4 39. Rce1 Rbc4 40. Kf3 Rd3+ 41. Re3 Rxe3+ 42. Rxe3 b4 43. Rd3+ Rd4 44. Rxd4+ exd4 45. Kf4 b3 46. h4 h5 47. g4 hxg4 48. Kxg4 Ke5 49. Kf3 g6 0-1

[Event "POL-chT3 Wielkopolska 1112"]
[Site "Poland"]
[Date "2012.??.??"]
[Round "5.20"]
[White "Kowalczuk, Mikolaj"]
[Black "Cenkier, Robert"]
[Result "0-1"]
[WhiteElo "1893"]
[BlackElo "1950"]
[PlyCount "76"]
[EventDate "2011.11.27"]
[EventType "team-tourn"]
[EventRounds "11"]
[EventCountry "POL"]
[SourceTitle "EXT 2014"]
[Source "ChessBase"]
[SourceDate "2013.11.20"]
[SourceVersion "1"]
[SourceVersionDate "2013.11.20"]
[SourceQuality "1"]
[WhiteTeam "Rawicz Korona Rawbud"]
[BlackTeam "Jarocin JKSW"]
[WhiteTeamCountry "POL"]
[BlackTeamCountry "POL"]

1. d4 Nf6 2. c4 c5 3. d5 d6 4. Nc3 g6 5. Nf3 Bg7 6. Nd2 0-0 7. e4 Na6 8. Be2 Nc7 9. 0-0 Bd7 10. a4 b6 11. Re1 Rb8 12. Nf1 a6 13. Ng3 b5 14. axb5 axb5 15. Qc2 bxc4 16. Bxc4 h5 17. f3 Rb4 18. b3 Qb8 19. Ba3 Rb7 20. e5 Nh7 21. e6 Be8 22. exf7+ Rxf7 23. Bb2 h4 24. Nge4 Qc8 25. Na4 Bxb2 26. Qxb2 h3 27. g3 Rxf3 28. Qe2 Rf7 29. Naxc5 dxc5 30. Nxc5 Rb6 31. d6 exd6 32. Na6 Nf6 33. Qc2 d5 34. Qxg6+ Rg7 35. Qxg7+ Kxg7 36. Re7+ Bf7 37. Rxc7 Qe6 38. Bf1 Qe3+ 0-1

[Event "POL-chT3 2010/11"]
[Site "Wielkopolska"]
[Date "2011.04.15"]
[Round "10"]
[White "Niekras, Dawid"]
[Black "Cenkier, Robert"]
[Result "1-0"]
[WhiteElo "1789"]
[BlackElo "1998"]
[PlyCount "87"]
[EventDate "2010.11.28"]
[EventType "team-tourn"]
[EventRounds "11"]
[EventCountry "POL"]
[SourceTitle "EXT 2019"]
[Source "ChessBase"]
[SourceDate "2018.10.10"]
[SourceVersion "1"]
[SourceVersionDate "2018.10.10"]
[SourceQuality "1"]
[WhiteTeam "Koscian Tecza"]
[BlackTeam "Jarocin JKSW"]
[WhiteTeamCountry "POL"]
[BlackTeamCountry "POL"]

1. e4 c5 2. Nf3 d6 3. d4 cxd4 4. Nxd4 Nf6 5. Nc3 a6 6. Be3 e5 7. Nb3 Be7 8. f3 Be6 9. Qd2 d5 10. exd5 Nxd5 11. Nxd5 Qxd5 12. Qxd5 Bxd5 13. 0-0-0 Be6 14. Nc5 Bc8 15. Bc4 Nd7 16. Nxd7 Bxd7 17. Bxf7+ Kxf7 18. Rxd7 b5 19. Bc5 Rhe8 20. Re1 Ke6 21. Rxe7+ Rxe7 22. Bxe7 Kxe7 23. Rxe5+ Kd6 24. Re4 Ra7 25. Kd2 Rc7 26. Kd3 Rb7 27. h4 g6 28. g4 Rf7 29. f4 Kd5 30. Ke3 Rc7 31. c3 Rf7 32. Re5+ Kd6 33. h5 Rc7 34. hxg6 hxg6 35. Rg5 Re7+ 36. Kd3 Re6 37. f5 gxf5 38. gxf5 Re5 39. Rg6+ Kd5 40. Rxa6 Rxf5 41. Ra5 Kc6 42. a4 Rf4 43. axb5+ Kb6 44. b4 1-0

[Event "POL-chT3 2010/11"]
[Site "Wielkopolska"]
[Date "2010.11.28"]
[Round "1"]
[White "Kowalczuk, Mikolaj"]
[Black "Cenkier, Robert"]
[Result "1/2-1/2"]
[WhiteElo "1920"]
[BlackElo "1998"]
[PlyCount "42"]
[EventDate "2010.11.28"]
[EventType "team-tourn"]
[EventRounds "11"]
[EventCountry "POL"]
[SourceTitle "EXT 2019"]
[Source "ChessBase"]
[SourceDate "2018.10.10"]
[SourceVersion "1"]
[SourceVersionDate "2018.10.10"]
[SourceQuality "1"]
[WhiteTeam "Rawicz Korona Rawbud"]
[BlackTeam "Jarocin JKSW"]
[WhiteTeamCountry "POL"]
[BlackTeamCountry "POL"]

1. d4 c5 2. d5 e5 3. c4 d6 4. Nc3 g6 5. e4 Bg7 6. Bd3 Nf6 7. Bg5 0-0 8. Qd2 a6 9. Nge2 Nbd7 10. h4 h5 11. f3 Qa5 12. Bh6 Rb8 13. Bxg7 Kxg7 14. Ng3 Nh7 15. a4 Ndf6 16. Ra3 Bd7 17. Nge2 Qd8 18. Ng3 Qe8 19. Qe2 Qe7 20. Nf1 Qd8 21. Ne3 Qc8 1/2-1/2